000 00969nam a2200241Ia 4500
003 OSt
005 20220923220327.0
006 a|||||r|||| 00| 0
007 ta
008 220922b |||||||| |||| 00| 0 hin d
024 _a185,987
037 _cTextual
040 _aARTS
_cARTS
_bhin
041 _2hin
_ahin
082 _aY2(Q2)-33.252G, 152M7
100 _aसिंह, महेन्द्र नारायण
245 0 _aनगरीय परिवेश और हिन्दू परिवार
_b बदलते प्रतिमान
246 _aNagarīya parivesh aur hindū parivāra: badalate pratimāna: gājiyābād par ādhārit ek samājavaijnyānik adhyayana
260 _aदिल्ली
_b विवेक प्रकाशन
_c1987
300 _a216 पृ.
_ccm.
942 _hY2(Q2)-33.252G, 152M7
_cTEXL
_2CC
999 _c339232
_d339232